000 00306nam a22001097a 4500
008 230629b xxu||||| |||| 00| 0 eng d
082 _a333.7
_bTGF
245 _aConference Report
_bThe Global Forum on Environment and Development for Survival
260 _aMoscow
_b
_c1990
300 _a295p
942 _2ddc
_cBK
999 _c2947
_d2947